Đồng âm dẫn giải và mẹo luật chính tả /

保存先:
書誌詳細
第一著者: Trần Văn Thanh
フォーマット: Sách giấy
言語:Vietnamese
出版事項: Sàigòn : Tu Thư ,
タグ: タグ追加
タグなし, このレコードへの初めてのタグを付けませんか!
Thư viện lưu trữ: Thư viện Trường Đại học Đà Lạt
LEADER 00590nam a2200253 4500
001 DLU020016857
005 ##1/2/2001
020 # # |a 978- 
041 # # |a vie 
082 # # |a 495.922 3  |b TR-T 
100 # # |a Trần Văn Thanh 
245 # # |a Đồng âm dẫn giải và mẹo luật chính tả /  |c Trần Văn Thanh 
260 # # |a Sàigòn :  |b Tu Thư ,  |c 0 
300 # # |a 292 tr.;   |c 20 cm. 
992 # # |a 292 
994 # # |a DLU 
998 # # |a TK 
900 # # |a False 
911 # # |a Administrator 
925 # # |a G 
926 # # |a A 
927 # # |a SH 
980 # # |a Thư viện Trường Đại học Đà Lạt